000 00175 a2200085 4500
020 _a8496355217
041 _aspa
245 _aAventuras en el parque de diversiones
942 _cBK
999 _c31956
_d31954